| 000 | 00366nam a22001457a 4500 | ||
|---|---|---|---|
| 999 |
_c1136 _d1136 |
||
| 008 | 200110b ||||| |||| 00| 0 eng d | ||
| 082 | 0 | 0 |
_a621.74 _bS8591 |
| 100 |
_9715 _aStimpson, William C. |
||
| 245 | 1 | 0 |
_aFoundry work _cby William C Stimpson |
| 260 |
_aLondon _bTechnical press _c1948 |
||
| 300 | _a216p. | ||
| 365 | _d13.12 | ||
| 650 | 0 | _aFounding | |
| 942 | _cBK | ||